| 000 | 00826cam a22002533a 4500 | ||
|---|---|---|---|
| 001 | 8095 | ||
| 003 | PGUSA | ||
| 005 | 20140828083152.0 | ||
| 008 | 050501s2005||||xxu|||||s|||||000 | eng d | ||
| 040 |
_aPGUSA _beng |
||
| 042 | _adc | ||
| 050 | 4 | _aBX | |
| 100 | 1 |
_aMonk, Maria, _d1816-1849 |
|
| 245 | 1 | 0 |
_aAwful Disclosures of the Hotel Dieu Nunnery of Montreal : _bContaining, Also, Many Incidents Never before Published _h[electronic resource] / _cMaria Monk |
| 260 |
_bProject Gutenberg, _c2005 |
||
| 506 | _aPublic domain in the USA. | ||
| 516 | _aElectronic text | ||
| 653 | _aHôtel-Dieu de Montréal -- Biography | ||
| 653 | _aMonk, Maria, 1816-1849 | ||
| 653 | _aEx-nuns -- Québec (Province) -- Biography | ||
| 830 | 0 |
_aProject Gutenberg _v8095 |
|
| 856 | 4 | 0 | _uhttp://www.gutenberg.org/ebooks/8095 |
| 942 | _cEB | ||
| 999 |
_c237395 _d237395 |
||